|
|
|
|
| LEADER |
00000nam a2200000Ii 4500 |
| 001 |
DIGOCTA0223 |
| 003 |
NyNyDIG |
| 006 |
m o d |
| 007 |
cr ||||||||||| |
| 008 |
230318s2020 sp a ob 000 0 spa d |
| 035 |
|
|
|a (OCoLC)1145660024
|
| 040 |
|
|
|a DGITA
|b eng
|e rda
|e pn
|c DGITA
|
| 020 |
|
|
|a 9788418083761
|q eBook
|
| 020 |
|
|
|z 9788499215327
|q papel
|
| 041 |
1 |
|
|a spa
|h ita
|
| 050 |
1 |
4 |
|a LB775.M8 ebook
|
| 082 |
0 |
4 |
|a 370.92
|
| 100 |
1 |
|
|a Foschi, Renato,
|e author.
|
| 240 |
1 |
0 |
|a Maria Montessori.
|l Spanish
|s (Hidalgo)
|
| 245 |
1 |
0 |
|a Maria Montessori /
|c Renato Foschi ; traducción, Rafael Hidalgo.
|
| 250 |
|
|
|a Primera edición electrónica.
|
| 264 |
|
1 |
|a Barcelona :
|b Octaedro,
|c [2020]
|
| 300 |
|
|
|a 1 online resource :
|b illustrations.
|
| 336 |
|
|
|a text
|b txt
|2 rdacontent
|
| 337 |
|
|
|a computer
|b c
|2 rdamedia
|
| 338 |
|
|
|a online resource
|b cr
|2 rdacarrier
|
| 347 |
|
|
|a text file
|2 rdaft
|
| 347 |
|
|
|b EPUB
|
| 490 |
1 |
|
|a Educación comparada e internacional. Serie Retratos críticos
|
| 504 |
|
|
|a Includes bibliographical references.
|
| 588 |
0 |
|
|a Online resource; title from ePub title page (Digitalia, viewed March 18, 2023)
|
| 600 |
1 |
0 |
|a Montessori, Maria,
|d 1870-1952.
|
| 650 |
|
0 |
|a Educators.
|
| 650 |
|
0 |
|a Montessori method of education.
|
| 700 |
1 |
|
|a Hidalgo, Rafael,
|e translator.
|
| 700 |
1 |
|
|i Translation of:
|a Foschi, Renato.
|t Maria Montessori.
|
| 791 |
2 |
|
|a Digitalia (Firm),
|e distributor.
|
| 793 |
0 |
|
|g Digitalia eBook Collection:
|a Editorial Octaedro
|
| 776 |
0 |
8 |
|i Print version:
|a Foschi, Renato.
|s Maria Montessori. Spanish (Hidalgo).
|t Maria Montessori.
|b Primera edición (papel).
|d Barcelona : Octaedro, [2014]
|z 9788499215327
|
| 830 |
|
0 |
|a Educación comparada e internacional.
|p Serie Retratos críticos.
|
| 856 |
4 |
0 |
|3 Digitalia Hispánica
|u https://www.digitaliapublishing.com/a/114007/
|
| 910 |
|
|
|a Premium collection: 2023
|